Statistics for Elden Ring Endings

Click here to take the quiz!

General Stats

  • This quiz has been taken 98 times
  • The average score is 2 of 5

Answer Stats

HintAnswer% Correct
LordElden Lord
65%
FireThe Lord of Frenzied Flame
62%
GalacticAge of the Stars
49%
GoldAge of Order
42%
DungBlessing of Despair
26%

Score Distribution

Percentile by Number Answered

Percent of People with Each Score

Your Score History

You have not taken this quiz